000 01100cam a2200241 4500
001 WB3805-26
008 020206n2002 000 0 eng u
035 _a(Sirsi) u116628
245 _aInterim report on farmland management
260 _c2002
490 _aScottish Executive Press Release
_v(SE5290) 5 February 2002, (2)
520 _aAn interim report is published from the Agriculture and Environment Working Group set up last July and charged with taking forward the key objectives of the executive-led Forward Strategy for Scottish Agriculture. It is to advise ministers on a more integrated approach to agricultural and environmental policy and to ensure better advice to farmers along with the general adoption of good environmental practice.
590 _aWB
650 _aFARMING POLICIES
650 _aFARMING METHODS
650 _aAGRICULTURE AND ENVIRONMENT WORKING GROUP
650 _aNATIONAL STAKEHOLDERS FORUM
650 _aENVIRONMENTALISTS
650 _aENVIRONMENTAL MANAGEMENT
650 _aLANDOWNERS
690 _aRURAL-AGRICULTURE AND FORESTRY
942 _n0
999 _c69450
_d69450